Burlington ; [a portrait of the worlds largest and most diversified textile company.

Bibliographic Details
Corporate Author: Burlington Industries, Inc
Format: Book
Language:English
Published: Greensboro? N.C., [publisher not identified] ; [1966]
Subjects:

MARC

Tag First Indicator Second Indicator Subfields
LEADER 00000cam a2200000 4500
001 in00000065111
005 20151008051222.0
008 740823s1966 ncu 00000 eng u
010 |a  66007200  
035 |a (OCoLC)00988025 
035 |9 AAG6530AM 
040 |c TOL  |d TXA  |d UtOrBLW 
049 |a TXAM  |c [470798] 
050 0 0 |a HD9859.B8  |b A43 
092 |a 338.47677  |b B961b 
110 2 |a Burlington Industries, Inc. 
245 1 0 |a Burlington ;  |b [a portrait of the worlds largest and most diversified textile company. 
264 1 |a Greensboro? N.C.,  |b [publisher not identified] ;  |c [1966] 
264 4 |c ©1966 
300 |a 1 volume (unpaged) 
336 |a text  |b txt  |2 rdacontent 
337 |a unmediated  |b n  |2 rdamedia 
338 |a volume  |b nc  |2 rdacarrier 
650 0 |a Textile industry  |z United States. 
999 |a MARS 
999 f f |s 5c9486a3-ef6b-3a5a-9c72-6127ca6bd5eb  |i 39300af5-4835-3f53-a206-5f7bc3f54dff  |t 0 
952 f f |p ric  |a Texas A&M University  |b Rellis Campus  |c Joint Library Facility  |d Remote Storage  |t 0  |e HD9859.B8 A43  |h Library of Congress classification  |i unmediated -- volume  |m A14800766530 
998 f f |a HD9859.B8 A43  |t 0  |l Remote Storage